00513nam a2200193Ia 4500008004100000020001800041050001500059050001600074100002100090245002200111245003000133245002100163260001900184260004400203260000900247300002400256300001100280650002800291160319s9999 xx 000 0 und d a9789715425384 a899.210301 b.G216h 2007 aGarcia, Fanny A. aSandaang damit :  b16 na maikling kuwento /  cFanny A. Garcia. aQuezon City :  bThe University of the Philippines Press c2007 axxiii, 263 pages ;  c23 cm. aShort Stories, Tagalog.